[Event "Bundesliga 2022-23"]
[Site "Hamburg GER"]
[Date "2023.02.04"]
[Round "5.3"]
[Board "4"]
[White "Papp, Gabor1"]
[Black "Martinovic, Sasa"]
[Result "1/2-1/2"]
[WhiteTitle "GM"]
[BlackTitle "GM"]
[WhiteElo "2564"]
[BlackElo "2546"]
[WhiteTeam "Hamburger SK"]
[BlackTeam "Muenchener Schachclub 1836"]
[WhiteFideId "718602"]
[BlackFideId "14509792"]
[EventDate "2022.10.22"]

1. e4 e6 2. d4 d5 3. e5 c5 4. c3 Nc6 5. Nf3 Bd7 6. Be2 Rc8 7. O-O cxd4 8. cxd4
Nge7 9. Nc3 Nf5 10. Bg5 Qb6 11. Na4 Qa5 12. Rc1 h6 13. Bd2 Qd8 14. Bc3 b6 15.
Ba6 Rb8 16. Bd3 Be7 17. g4 Nh4 18. Nxh4 Bxh4 19. f4 Be7 20. a3 Rc8 1/2-1/2

[Event "Bundesliga 2022-23"]
[Site "Hamburg GER"]
[Date "2023.02.04"]
[Round "5.3"]
[Board "5"]
[White "Costa, Leonardo"]
[Black "Engel, Luis"]
[Result "0-1"]
[WhiteTitle "FM"]
[BlackTitle "GM"]
[WhiteElo "2350"]
[BlackElo "2555"]
[WhiteTeam "Muenchener Schachclub 1836"]
[BlackTeam "Hamburger SK"]
[WhiteFideId "16213955"]
[BlackFideId "12961523"]
[EventDate "2022.10.22"]

1. e4 c5 2. Nf3 d6 3. d4 cxd4 4. Nxd4 Nf6 5. Nc3 a6 6. Rg1 e5 7. Nb3 b5 8. a4 b4
9. Nd5 Nxd5 10. Qxd5 Ra7 11. Be3 Be6 12. Qd2 Rb7 13. a5 Be7 14. Ra4 Qc8 15. Rxb4
Rc7 16. Bd3 O-O 17. Rb6 Bc4 18. Bxc4 Rxc4 19. Qd3 Nd7 20. Rb7 d5 21. Ra7 Rd8 22.
exd5 e4 23. Qd1 Rxc2 24. d6 Bf8 25. Nd4 Rxb2 26. Rc7 Qa8 27. Nc6 Ne5 28. Nxd8
Qxd8 29. Rc2 Qxa5+ 30. Bd2 Nd3+ 31. Kf1 Qa4 32. d7 Qxc2 33. Qxc2 Rxc2 34. d8=Q
Rxd2 35. Rh1 Rd1+ 36. Ke2 Rxh1 37. Qa8 Nc5 38. h3 Ra1 39. Ke3 a5 40. Kd4 a4 41.
Kc3 a3 42. g3 Nd3 0-1

[Event "Bundesliga 2022-23"]
[Site "Hamburg GER"]
[Date "2023.02.04"]
[Round "5.3"]
[Board "6"]
[White "Svane, Frederik"]
[Black "Radovanovic, Nikola"]
[Result "1-0"]
[WhiteTitle "GM"]
[BlackTitle "IM"]
[WhiteElo "2566"]
[BlackElo "2426"]
[WhiteTeam "Hamburger SK"]
[BlackTeam "Muenchener Schachclub 1836"]
[WhiteFideId "12923044"]
[BlackFideId "900087"]
[EventDate "2022.10.22"]

1. e4 c5 2. Nf3 Nc6 3. Bb5 e6 4. Bxc6 bxc6 5. d3 Ne7 6. Nbd2 d6 7. e5 d5 8. b3
Nf5 9. Bb2 Be7 10. Qe2 Qa5 11. g4 Nd4 12. Nxd4 cxd4 13. O-O c5 14. f4 f6 15.
exf6 Bxf6 16. g5 Be7 17. f5 O-O 18. fxe6 Re8 19. Rae1 Qxa2 20. Qe5 Qxb2 21. Rf7
Bf8 22. e7 Kxf7 23. Qxd5+ Kg6 24. Qc6+ Kf7 25. g6+ hxg6 26. Qd5+ Kf6 27. Ne4+
Kxe7 28. Ng5+ 1-0

[Event "Bundesliga 2022-23"]
[Site "Hamburg GER"]
[Date "2023.02.04"]
[Round "5.3"]
[Board "7"]
[White "Ciolek, Andreas"]
[Black "Heinemann, Thies"]
[Result "1/2-1/2"]
[WhiteTitle "FM"]
[BlackTitle "GM"]
[WhiteElo "2301"]
[BlackElo "2484"]
[WhiteTeam "Muenchener Schachclub 1836"]
[BlackTeam "Hamburger SK"]
[WhiteFideId "12906727"]
[BlackFideId "4601556"]
[EventDate "2022.10.22"]

1. d4 Nf6 2. Nf3 e6 3. g3 b5 4. Bg2 d5 5. O-O a5 6. a4 b4 7. c4 bxc3 8. Nxc3 Be7
9. Bf4 c6 10. Ne5 Nfd7 11. Rc1 Bb7 12. e4 O-O 13. exd5 cxd5 14. Nb5 Nxe5 15.
Bxe5 Nc6 16. Qg4 Nxe5 17. dxe5 Ba6 18. Rc6 Qb8 19. Qe2 Qb7 20. Rfc1 Rac8 21. Qc2
Rxc6 22. Qxc6 Rc8 23. Qxc8+ Qxc8 24. Rxc8+ Bxc8 25. Bf1 Kf8 26. b3 Bc5 27. Kg2
Ke7 28. Bd3 h6 29. h3 f6 30. exf6+ gxf6 31. g4 e5 32. f3 Bd7 33. Kf1 Bc6 34. Ke2
Be8 35. Nc3 Bf7 36. Nb5 Kd7 37. Bf5+ Kc6 38. Kd3 Bf2 39. Ke2 Bg1 40. Kd3 Bc5 41.
h4 Bb6 42. h5 Kc5 43. Kc2 Kc6 44. Kd3 Bf2 45. Ke2 Bg3 46. Kd3 Kc5 47. Kc2 e4 48.
fxe4 d4 49. Bd7 Be5 50. Na3 Kb4 51. Nc4 Bxc4 52. bxc4 Kxc4 1/2-1/2

[Event "Bundesliga 2022-23"]
[Site "Hamburg GER"]
[Date "2023.02.04"]
[Round "5.3"]
[Board "8"]
[White "Zwirs, Nico"]
[Black "Tadic, Branko"]
[Result "1/2-1/2"]
[WhiteTitle "IM"]
[BlackTitle "GM"]
[WhiteElo "2481"]
[BlackElo "2455"]
[WhiteTeam "Hamburger SK"]
[BlackTeam "Muenchener Schachclub 1836"]
[WhiteFideId "1036432"]
[BlackFideId "916412"]
[EventDate "2022.10.22"]

1. e4 c5 2. Nf3 e6 3. d4 cxd4 4. Nxd4 Nf6 5. Nc3 Nc6 6. Ndb5 Bc5 7. Nd6+ Ke7 8.
Bf4 e5 9. Nf5+ Kf8 10. Bg5 d6 11. Ne3 h6 12. Bxf6 Qxf6 13. Bc4 g6 14. Ncd5 Qd8
15. c3 a5 16. O-O Be6 17. Rb1 Kg7 18. b4 axb4 19. cxb4 Bd4 20. Nc2 Ba7 21. Kh1
Rf8 22. Qe2 f5 23. exf5 Bxf5 24. Rbd1 Rc8 25. Bd3 Be6 26. Be4 Qg5 27. Rd3 Bg4
28. f3 Be6 29. h3 Qh4 30. Kh2 Ne7 31. Nxe7 Qxe7 32. Bd5 Bf5 33. Rd2 Rc3 34. Nd4
Bxd4 35. Rxd4 Rfc8 36. Rd2 Qh4 37. Bxb7 Qf4+ 38. g3 Qxd2 39. Qxd2 Rc2 40. Rf2
Rxd2 41. Rxd2 Rb8 42. Bc6 Rxb4 43. g4 Be6 44. Rxd6 Bxa2 45. Rd7+ Kf6 46. Rd6+
Kg7 47. Be4 Bf7 48. Rd7 Rd4 49. Rb7 g5 50. Kg3 Rd6 51. h4 gxh4+ 52. Kxh4 Kf6 53.
Rb5 Ra6 54. Kg3 h5 55. g5+ Kxg5 56. f4+ Kh6 57. fxe5 Be8 58. Rb8 Bg6 59. Rb4
Bxe4 60. Rxe4 Kg5 1/2-1/2

[Event "Bundesliga 2022-23"]
[Site "Hamburg GER"]
[Date "2023.02.04"]
[Round "5.4"]
[Board "1"]
[White "Sedlak, Nikola"]
[Black "Esipenko, Andrey"]
[Result "0-1"]
[WhiteTitle "GM"]
[BlackTitle "GM"]
[WhiteElo "2472"]
[BlackElo "2668"]
[WhiteTeam "SV Deggendorf"]
[BlackTeam "SK Doppelbauer Turm Kiel"]
[WhiteFideId "922900"]
[BlackFideId "24175439"]
[EventDate "2022.10.22"]

1. Nf3 Nf6 2. g3 c5 3. Bg2 Nc6 4. O-O e5 5. e4 d6 6. c3 Nxe4 7. d4 f5 8. dxe5
dxe5 9. Na3 Qe7 10. Nc4 Bd7 11. a4 Qe6 12. Qe2 Be7 13. Rd1 Rd8 14. Ng5 Nxg5 15.
Bxg5 Bxg5 16. Nd6+ Ke7 17. Nxb7 e4 18. Rd6 Qxd6 19. Nxd6 Kxd6 20. b4 cxb4 21.
cxb4 Bf6 22. Rd1+ Ke7 23. Qb5 Ne5 24. Qc5+ Kf7 25. Qxa7 Kg6 26. g4 Be6 27. gxf5+
Bxf5 28. Rf1 Nf3+ 29. Bxf3 exf3 30. Qb7 Rd4 31. Kh1 Rhd8 32. Rg1+ Kh6 33. a5 Rg4
34. Rc1 Rd2 35. Qb6 Rgd4 36. h3 Rxf2 37. a6 Rdd2 38. Qc7 Be4 0-1

[Event "Bundesliga 2022-23"]
[Site "Hamburg GER"]
[Date "2023.02.04"]
[Round "5.4"]
[Board "2"]
[White "Cheparinov, Ivan"]
[Black "Delchev, Aleksander"]
[Result "1-0"]
[WhiteTitle "GM"]
[BlackTitle "GM"]
[WhiteElo "2689"]
[BlackElo "2503"]
[WhiteTeam "SK Doppelbauer Turm Kiel"]
[BlackTeam "SV Deggendorf"]
[WhiteFideId "2905540"]
[BlackFideId "2900394"]
[EventDate "2022.10.22"]

1. e4 e5 2. Nf3 Nc6 3. Bb5 a6 4. Ba4 Nf6 5. O-O Bc5 6. c3 b5 7. Bb3 d6 8. a4 Bb7
9. d4 Bb6 10. Re1 O-O 11. Bg5 h6 12. Bh4 b4 13. d5 Ne7 14. Bxf6 gxf6 15. Nh4 Bc8
16. Qh5 Kh7 17. Nd2 bxc3 18. bxc3 Rg8 19. Nf5 Qf8 20. Qf3 Rb8 21. Bc2 Bxf5 22.
exf5 Qg7 23. Rab1 a5 24. Rb5 c6 25. dxc6 d5 26. Reb1 e4 27. Qg3 Bc7 28. Qxg7+
Kxg7 29. c4 Nxc6 30. Rxb8 Bxb8 31. cxd5 Nb4 32. Bxe4 Rc8 33. g3 Rc3 34. Nb3 Bc7
35. d6 Bxd6 36. Nxa5 Bf8 37. Nb3 Rc4 38. Bf3 Na2 39. a5 Rb4 40. a6 Ra4 41. Bb7
Nb4 42. Ra1 Rxa1+ 43. Nxa1 Bc5 44. Nb3 Bb6 45. Nd2 1-0

[Event "Bundesliga 2022-23"]
[Site "Hamburg GER"]
[Date "2023.02.04"]
[Round "5.4"]
[Board "3"]
[White "Stojanovic, Dalibor"]
[Black "Demchenko, Anton"]
[Result "1/2-1/2"]
[WhiteTitle "GM"]
[BlackTitle "GM"]
[WhiteElo "2472"]
[BlackElo "2645"]
[WhiteTeam "SV Deggendorf"]
[BlackTeam "SK Doppelbauer Turm Kiel"]
[WhiteFideId "922692"]
[BlackFideId "4160258"]
[EventDate "2022.10.22"]

1. e4 e5 2. Nf3 Nc6 3. Bc4 Nf6 4. d4 exd4 5. O-O Nxe4 6. Re1 d5 7. Bxd5 Qxd5 8.
Nc3 Qd8 9. Rxe4+ Be7 10. Nxd4 f5 11. Rf4 O-O 12. Nxc6 Qxd1+ 13. Nxd1 bxc6 14.
Rc4 c5 15. Bf4 g5 16. Be5 Be6 17. Ra4 Rfd8 18. Nc3 Rd2 19. Re1 Rxc2 20. h4 Bf7
21. hxg5 Bxg5 22. Re2 Rc1+ 23. Kh2 Bh5 24. f3 Re8 25. Bf4 Bxf4+ 26. Rxf4 Rxe2
27. Nxe2 Rc2 28. Nc3 Rxb2 29. Rxf5 Rc2 30. Rg5+ Kh8 31. Ne4 Bg6 32. a3 Kg7 33.
Nxc5 Kf6 34. Rd5 c6 35. Rd6+ Ke5 36. Rxc6 Kd5 37. Ra6 Kxc5 38. Rxa7 Ra2 39. Kh3
Kb6 40. Ra4 Bc2 41. Ra8 Bd3 42. g4 Ba6 43. Rh8 Rxa3 44. Rxh7 Rxf3+ 45. Kh4 Bc8
46. Kg5 Rg3 47. Rh4 Kc5 48. Kf4 Rg1 49. Rh5+ Kd6 50. Rg5 Be6 51. Ke3 Ra1 52. Rb5
Ra3+ 53. Kd2 Rg3 54. Ra5 Bd5 55. g5 Ke5 56. Ra7 Kd4 57. Rd7 Rg2+ 58. Kd1 Rxg5
59. Kd2 Rg2+ 60. Kd1 Ke4 61. Rd8 Bc4 62. Rd2 Rg8 63. Rd7 Bb5 64. Rd6 Rg2 65. Rd2
Rg6 66. Rd8 Rg2 67. Rd2 Rg7 68. Rd8 Rc7 69. Kd2 Ba4 70. Rd6 Rc2+ 71. Ke1 Bb3 72.
Rd8 Bf7 73. Rd2 Rc1+ 74. Kf2 Bc4 75. Rd8 Rf1+ 76. Kg3 Rf6 77. Ra8 Ke3 78. Ra3+
Bd3 79. Rb3 Rg6+ 80. Kh3 Ke4 81. Ra3 Rg8 82. Rb3 Bf1+ 83. Kh4 Kf4 84. Rb4+ Kf5
85. Rb7 Bc4 86. Rc7 Be6 87. Ra7 Kf6 88. Ra4 Bf5 89. Rb4 Ke5 90. Kh5 Be4 91. Kh6
Kf4 92. Ra4 Rg6+ 93. Kh5 Rg7 94. Ra6 Rb7 95. Rd6 Kf5 96. Kh6 Ra7 97. Rd1 Kf6 98.
Rd6+ Ke5 99. Rd1 Bf5 100. Kg5 Rg7+ 101. Kh6 Rg2 102. Ra1 Kf6 103. Ra6+ Be6 104.
Ra5 Rg6+ 105. Kh5 Rg8 106. Kh4 Rg4+ 107. Kh5 Rg3 108. Kh6 Rg8 1/2-1/2

[Event "Bundesliga 2022-23"]
[Site "Hamburg GER"]
[Date "2023.02.04"]
[Round "5.4"]
[Board "4"]
[White "Bjerre, Jonas Buhl"]
[Black "Bogosavljevic, Boban"]
[Result "0-1"]
[WhiteTitle "GM"]
[BlackTitle "GM"]
[WhiteElo "2612"]
[BlackElo "2533"]
[WhiteTeam "SK Doppelbauer Turm Kiel"]
[BlackTeam "SV Deggendorf"]
[WhiteFideId "1444948"]
[BlackFideId "931152"]
[EventDate "2022.10.22"]

1. e4 c5 2. Nf3 Nc6 3. Nc3 d6 4. d4 cxd4 5. Nxd4 Nf6 6. Bg5 g6 7. Bxf6 exf6 8.
Bb5 Bd7 9. Qd2 Bg7 10. O-O-O O-O 11. Nb3 a6 12. Bxc6 Bxc6 13. Qxd6 f5 14. Qf4
Qf6 15. exf5 Bxg2 16. Rhe1 Bh3 17. Qg3 Bxf5 18. Rd6 Bh6+ 19. Kb1 Rae8 20. Ne4
Qe7 21. f3 Kh8 22. Rdd1 Bg7 23. Nbc5 Rd8 24. Nd3 Qd7 25. Qh4 h6 26. Qf4 Qb5 27.
Qc1 Rd4 28. Nc3 Qa5 29. Re7 Be6 30. Rxb7 Rc8 31. a3 Rh4 32. Nf4 Bc4 33. Ne4 Rd8
34. Nd6 Rxd6 35. Rxd6 Rxf4 36. Rb4 Qf5 37. Qe3 Kh7 38. Qe8 Bb5 39. Rxf4 Qxf4 40.
Qe7 Qxf3 41. Qe1 Qf4 42. Rd2 Qf6 43. c3 Bc4 44. Qd1 Qe6 45. Rd6 Qe4+ 46. Ka1 f5
47. Rd7 f4 0-1

[Event "Bundesliga 2022-23"]
[Site "Hamburg GER"]
[Date "2023.02.04"]
[Round "5.4"]
[Board "5"]
[White "Popovic, Dusan"]
[Black "Yuffa, Daniil"]
[Result "1/2-1/2"]
[WhiteTitle "GM"]
[BlackTitle "GM"]
[WhiteElo "2486"]
[BlackElo "2601"]
[WhiteTeam "SV Deggendorf"]
[BlackTeam "SK Doppelbauer Turm Kiel"]
[WhiteFideId "927031"]
[BlackFideId "24131423"]
[EventDate "2022.10.22"]

1. e4 c6 2. Nf3 d5 3. d3 Bg4 4. h3 Bh5 5. g4 Bg6 6. Qe2 e6 7. h4 h6 8. h5 Bh7 9.
g5 hxg5 10. Nxg5 Nf6 11. Bg2 Bg8 12. f4 Nbd7 13. Be3 Qc7 14. e5 Nh7 15. Nf3 Be7
16. h6 g6 17. c4 dxc4 18. dxc4 g5 19. Nc3 gxf4 20. Bxf4 Nhf8 21. O-O-O Ng6 22.
Bg3 O-O-O 23. Ne4 Bh7 24. Nfg5 Bxg5+ 25. Nxg5 Ndxe5 26. Rxd8+ Qxd8 27. Nxf7 Nf4 1/2-1/2

[Event "Bundesliga 2022-23"]
[Site "Hamburg GER"]
[Date "2023.02.04"]
[Round "5.4"]
[Board "6"]
[White "Meshkovs, Nikita"]
[Black "Miljkovic, Miroslav D"]
[Result "1/2-1/2"]
[WhiteTitle "GM"]
[BlackTitle "GM"]
[WhiteElo "2566"]
[BlackElo "2453"]
[WhiteTeam "SK Doppelbauer Turm Kiel"]
[BlackTeam "SV Deggendorf"]
[WhiteFideId "11602740"]
[BlackFideId "922722"]
[EventDate "2022.10.22"]

1. c4 c6 2. Nf3 d5 3. e3 g6 4. Nc3 Bg7 5. d4 Nf6 6. Be2 O-O 7. O-O a6 8. a4 Qc7
9. b3 dxc4 10. bxc4 c5 11. Ba3 cxd4 12. exd4 Rd8 13. Rc1 Nc6 14. d5 Bf5 15. Bd3
Bxd3 16. Qxd3 e6 17. Rfd1 Ne5 18. Nxe5 Qxe5 19. Re1 Qc7 20. Qf3 Re8 21. dxe6
fxe6 22. Rb1 Rab8 23. Ne4 Nxe4 24. Qxe4 b6 25. h4 Rbc8 26. Re3 Qc6 27. h5 Qxe4
28. Rxe4 Rc6 29. Bc1 e5 30. Be3 Ree6 31. Rd1 Red6 32. Rxd6 Rxd6 33. hxg6 hxg6
34. c5 bxc5 35. Bxc5 Rc6 36. Be3 Kf7 37. Rb4 Ke6 38. Kf1 Kd5 39. Rb7 Bf8 40. Ke2
Rc2+ 41. Kd1 Ra2 42. Rb6 Bc5 43. Bxc5 Kxc5 44. Rxa6 Rxf2 45. Rxg6 1/2-1/2

[Event "Bundesliga 2022-23"]
[Site "Hamburg GER"]
[Date "2023.02.04"]
[Round "5.4"]
[Board "7"]
[White "Petrov, Martin"]
[Black "Teclaf, Pawel"]
[Result "1/2-1/2"]
[WhiteTitle "GM"]
[BlackTitle "IM"]
[WhiteElo "2530"]
[BlackElo "2551"]
[WhiteTeam "SV Deggendorf"]
[BlackTeam "SK Doppelbauer Turm Kiel"]
[WhiteFideId "2911086"]
[BlackFideId "1185934"]
[EventDate "2022.10.22"]

1. e4 e5 2. Nf3 Nf6 3. d4 Nxe4 4. Bd3 d5 5. Nxe5 Nd7 6. Nc3 Nxc3 7. bxc3 Bd6 8.
O-O O-O 9. Nxd7 Bxd7 10. Qh5 f5 11. Qf3 c6 12. Bf4 Qc7 13. Bxd6 Qxd6 14. c4 dxc4
15. Bxc4+ Be6 16. Bxe6+ Qxe6 17. Rfe1 Qd5 18. Qb3 Rf7 19. Re5 Qxd4 20. Rae1 Rf8
21. Re7 Qd5 1/2-1/2

[Event "Bundesliga 2022-23"]
[Site "Hamburg GER"]
[Date "2023.02.04"]
[Round "5.4"]
[Board "8"]
[White "Thybo, Jesper Sondergaard"]
[Black "Kuznecovs, Nikita"]
[Result "1/2-1/2"]
[WhiteTitle "GM"]
[BlackTitle "FM"]
[WhiteElo "2498"]
[BlackElo "2301"]
[WhiteTeam "SK Doppelbauer Turm Kiel"]
[BlackTeam "SV Deggendorf"]
[WhiteFideId "1438832"]
[BlackFideId "11604557"]
[EventDate "2022.10.22"]

1. e4 c5 2. Nf3 e6 3. g3 d5 4. exd5 exd5 5. d4 Nc6 6. Bg2 Bg4 7. h3 Qe7+ 8. Kf1
Bxf3 9. Qxf3 Nxd4 10. Qd3 O-O-O 11. Nc3 Qe6 12. Be3 Ne7 13. Bxd4 cxd4 14. Ne2
Qb6 15. Qxd4 Qb5 16. a4 Qa6 17. b4 Nf5 18. Qc3+ Qc4 19. Be4 Nh6 20. Qxc4+ dxc4
21. c3 f5 22. Bf3 Be7 23. Kg2 Bf6 24. Rhd1 Rhe8 25. Kf1 Nf7 26. Bd5 Nd6 27. Rac1
Re5 28. Bg2 g5 29. Rd2 Ne4 30. Rxd8+ Bxd8 31. Rd1 Bb6 32. Bxe4 fxe4 33. a5 Bc7
34. Rd4 b5 35. axb6 Bxb6 36. Rxc4+ Kd7 37. Nd4 Kd6 38. Rc6+ Kd5 39. b5 e3 40. f3
Re7 41. Ne2 Rf7 42. Kg2 Rc7 43. c4+ Ke5 44. f4+ gxf4 45. gxf4+ Ke4 46. Rxc7 Bxc7
47. c5 Bd8 48. f5 Kxf5 49. Kf3 Ke5 50. Kxe3 Kd5 51. Nf4+ Ke5 52. Ne2 Kd5 53.
Nf4+ Ke5 54. Kf3 Ba5 55. h4 Kd4 56. c6 Kc5 57. Ne6+ Kd6 58. Nd4 Bb6 59. Ke4 h5
60. Kd3 Kd5 61. Ne2 Kc5 62. Nc3 Bd8 63. Ke4 Kd6 64. Nd5 Bxh4 65. c7 Kd7 66. b6
axb6 67. Nxb6+ Kxc7 68. Nd5+ Kb7 69. Nf4 Kc6 70. Nxh5 1/2-1/2

[Event "Bundesliga 2022-23"]
[Site "Dresden GER"]
[Date "2023.02.04"]
[Round "5.5"]
[Board "1"]
[White "Shevchenko, Kirill"]
[Black "Nisipeanu, Liviu-Dieter"]
[Result "1/2-1/2"]
[WhiteTitle "GM"]
[BlackTitle "GM"]
[WhiteElo "2645"]
[BlackElo "2615"]
[WhiteTeam "SV Werder Bremen"]
[BlackTeam "USV TU Dresden"]
[WhiteFideId "14129574"]
[BlackFideId "1202758"]
[EventDate "2022.10.22"]

1. c4 e6 2. g3 d5 3. Bg2 Nf6 4. Nf3 Be7 5. O-O O-O 6. b3 c5 7. Bb2 Nc6 8. e3 b6
9. Nc3 Ba6 10. Qe2 Qd7 11. d3 Rfd8 12. Rad1 Rac8 13. Nb5 Bxb5 14. cxb5 Na5 15.
a4 Nxb3 16. Ne5 Qd6 17. e4 dxe4 18. dxe4 Nd4 19. Bxd4 cxd4 20. Nc6 e5 21. Nxd8
Rxd8 22. Qa2 1/2-1/2

[Event "Bundesliga 2022-23"]
[Site "Dresden GER"]
[Date "2023.02.04"]
[Round "5.5"]
[Board "2"]
[White "Bartel, Mateusz"]
[Black "Fressinet, Laurent"]
[Result "1/2-1/2"]
[WhiteTitle "GM"]
[BlackTitle "GM"]
[WhiteElo "2630"]
[BlackElo "2622"]
[WhiteTeam "USV TU Dresden"]
[BlackTeam "SV Werder Bremen"]
[WhiteFideId "1112635"]
[BlackFideId "608742"]
[EventDate "2022.10.22"]

1. e4 e5 2. Nf3 Nc6 3. d4 exd4 4. Nxd4 Nf6 5. Nxc6 bxc6 6. Nd2 d5 7. exd5 cxd5
8. Bb5+ Bd7 9. Bxd7+ Qxd7 10. O-O Be7 11. b3 O-O 12. Bb2 Rfe8 13. Qf3 a5 14. a4
Ng4 15. h3 Bf6 16. Bxf6 Nxf6 17. Rfe1 Qd6 18. Rad1 Qb4 19. Rxe8+ Rxe8 20. Nf1 c6
21. Ng3 Qc5 22. Qd3 g6 1/2-1/2

[Event "Bundesliga 2022-23"]
[Site "Dresden GER"]
[Date "2023.02.04"]
[Round "5.5"]
[Board "3"]
[White "Van Foreest, Lucas"]
[Black "Pechac, Jergus"]
[Result "0-1"]
[WhiteTitle "GM"]
[BlackTitle "GM"]
[WhiteElo "2568"]
[BlackElo "2633"]
[WhiteTeam "SV Werder Bremen"]
[BlackTeam "USV TU Dresden"]
[WhiteFideId "1039792"]
[BlackFideId "14926970"]
[EventDate "2022.10.22"]

1. Nf3 d5 2. d4 Nf6 3. c4 e6 4. g3 Bb4+ 5. Bd2 Be7 6. Bg2 O-O 7. O-O Nbd7 8. Qc2
c6 9. Rd1 b6 10. Bf4 Ba6 11. Ne5 Rc8 12. cxd5 Nxd5 13. Nxc6 Nb4 14. Qa4 Nxc6 15.
Qxa6 Nc5 16. Qa3 Nxd4 17. Nc3 a5 18. Nb5 Ncb3 19. Nxd4 Nxa1 20. Qd3 Bf6 21. Bb7
Rc5 22. Nc6 Qxd3 23. exd3 Bxb2 24. Bd6 Rc2 25. Bxf8 Kxf8 26. d4 Bc3 27. d5 exd5
28. Rxd5 g6 29. Rd8+ Kg7 30. Rd7 Rxa2 31. Nd8 Rd2 32. Rxf7+ Kg8 33. Rc7 Rxd8 34.
Rxc3 Rd4 35. Kg2 Kf8 36. Kf3 b5 37. Rc5 Rb4 38. Ke3 a4 39. Bd5 Ke7 40. Rc1 Nb3
41. Rc3 Kd6 42. Bg8 h6 43. Rd3+ Kc5 44. Bf7 Na5 45. Rd5+ Kc6 46. Rd8 Nc4+ 47.
Bxc4 Rxc4 48. Ra8 Kb7 49. Ra5 Kb6 50. Ra8 Rc7 51. Kd4 Rc2 52. Ke3 Rc3+ 53. Kd4
Rf3 0-1

[Event "Bundesliga 2022-23"]
[Site "Dresden GER"]
[Date "2023.02.04"]
[Round "5.5"]
[Board "4"]
[White "Gajewski, Grzegorz"]
[Black "Pruijssers, Roeland"]
[Result "0-1"]
[WhiteTitle "GM"]
[BlackTitle "GM"]
[WhiteElo "2589"]
[BlackElo "2555"]
[WhiteTeam "USV TU Dresden"]
[BlackTeam "SV Werder Bremen"]
[WhiteFideId "1116207"]
[BlackFideId "1013068"]
[EventDate "2022.10.22"]

1. c4 e6 2. Nf3 d5 3. e3 c5 4. cxd5 exd5 5. Bb5+ Nc6 6. Ne5 Bd7 7. Nxd7 Qxd7 8.
d4 cxd4 9. exd4 Bb4+ 10. Nd2 Qe6+ 11. Kf1 Nf6 12. Nf3 O-O 13. h4 Ne4 14. g3 Bd6
15. Kg2 f5 16. Ng5 Nxg5 17. Bxg5 f4 18. Re1 Qf7 19. Bxc6 bxc6 20. Qg4 Rab8 21.
b3 Rb4 22. Rad1 fxg3 23. fxg3 Rxd4 24. Rxd4 Qf2+ 25. Kh3 Qxe1 26. Rd1 Qe8 27. h5
Kh8 28. h6 gxh6 29. Bh4 h5 30. Qd4+ Kg8 31. Qd3 Rf2 32. Rg1 0-1

[Event "Bundesliga 2022-23"]
[Site "Dresden GER"]
[Date "2023.02.04"]
[Round "5.5"]
[Board "5"]
[White "Grigorian, Spartak"]
[Black "Michalik, Peter"]
[Result "1/2-1/2"]
[WhiteTitle "IM"]
[BlackTitle "GM"]
[WhiteElo "2460"]
[BlackElo "2558"]
[WhiteTeam "SV Werder Bremen"]
[BlackTeam "USV TU Dresden"]
[WhiteFideId "24661490"]
[BlackFideId "14907526"]
[EventDate "2022.10.22"]

1. d4 Nf6 2. c4 e6 3. Nf3 d5 4. Nc3 c5 5. cxd5 cxd4 6. Qxd4 exd5 7. e4 dxe4 8.
Qxd8+ Kxd8 9. Ng5 Be6 10. Nxe6+ fxe6 11. a3 Nc6 12. Bg5 h6 13. O-O-O+ Ke7 14.
Bxf6+ gxf6 15. Nxe4 Rd8 16. Rxd8 Nxd8 17. Bb5 a6 18. Ba4 f5 19. Nc5 Kf7 20. Nd3
Bd6 21. Re1 Kf6 22. f4 h5 23. Re3 h4 24. Rh3 Rh7 25. Kd2 b5 26. Bd1 Nc6 27. g3
Ne7 28. Bf3 Ng6 29. Ke3 Bf8 30. Bc6 Bh6 31. Be8 hxg3 32. hxg3 Nf8 33. Ke2 1/2-1/2

[Event "Bundesliga 2022-23"]
[Site "Dresden GER"]
[Date "2023.02.04"]
[Round "5.5"]
[Board "6"]
[White "Neef, Maximilian"]
[Black "Reuker, Jari"]
[Result "1/2-1/2"]
[WhiteTitle "IM"]
[BlackTitle "IM"]
[WhiteElo "2481"]
[BlackElo "2432"]
[WhiteTeam "USV TU Dresden"]
[BlackTeam "SV Werder Bremen"]
[WhiteFideId "24692085"]
[BlackFideId "12909300"]
[EventDate "2022.10.22"]

1. Nf3 c5 2. c4 Nc6 3. Nc3 g6 4. e3 Nf6 5. d4 cxd4 6. exd4 d5 7. cxd5 Nxd5 8.
Qb3 e6 9. Bb5 Bg7 10. Bg5 Qb6 11. Qa3 f6 12. Nxd5 exd5 13. Bxc6+ bxc6 14. O-O
Kf7 15. Ne5+ fxe5 16. Qe7+ Kg8 17. Qe8+ Bf8 18. Bf6 Qb7 19. Bxh8 Bd7 20. Qxe5
Re8 21. Qf6 Re7 22. g4 Rf7 23. Qe5 Re7 24. Qf4 Re4 25. Qf6 Bxg4 26. f3 Re6 27.
Qh4 Bf5 28. Be5 Qxb2 29. Qf2 Qa3 30. Rae1 Qe7 31. Bg3 Bh3 32. Rxe6 Qxe6 33. Re1
Qf5 34. Kh1 c5 35. dxc5 Bxc5 36. Qe2 Bf8 37. Rd1 Qf7 38. Bf2 Bd6 39. Bd4 Be6 40.
Re1 Bd7 41. Bxa7 Qf4 42. Be3 Qh4 43. Qf2 Qh5 44. Bd4 Bb5 45. Ba1 Bf4 46. Bd4 Bd6
47. Ra1 Ba4 48. Qe2 Qh3 49. Qg2 Qh5 50. Bf2 Bc6 51. Rc1 Bd7 52. Bg3 Bf8 53. Qe2
Qf5 54. Rd1 Bb5 55. Qg2 d4 56. h4 Bc6 57. Rf1 d3 58. Kh2 Bb4 59. Qb2 Bd7 60.
Qxb4 Qh3+ 61. Kg1 Qxg3+ 62. Kh1 Qh3+ 63. Kg1 Qg3+ 64. Kh1 1/2-1/2

[Event "Bundesliga 2022-23"]
[Site "Dresden GER"]
[Date "2023.02.04"]
[Round "5.5"]
[Board "7"]
[White "Markgraf, Alexander"]
[Black "Boensch, Uwe"]
[Result "0-1"]
[WhiteTitle "IM"]
[BlackTitle "GM"]
[WhiteElo "2477"]
[BlackElo "2466"]
[WhiteTeam "SV Werder Bremen"]
[BlackTeam "USV TU Dresden"]
[WhiteFideId "4646410"]
[BlackFideId "4611268"]
[EventDate "2022.10.22"]

1. e4 c5 2. Nf3 Nc6 3. d4 cxd4 4. Nxd4 e5 5. Nb5 d6 6. N1c3 a6 7. Na3 Be6 8. Nc4
Rb8 9. Nd5 Bxd5 10. exd5 Nce7 11. Be2 Nf6 12. Ne3 g6 13. O-O Bh6 14. c4 O-O 15.
b4 b5 16. a3 bxc4 17. Bxc4 a5 18. b5 Qc7 19. Qd3 Rfc8 20. Ba2 a4 21. Bd2 Nd7 22.
Rfc1 Nc5 23. Qe2 Qd7 24. Rab1 Nf5 25. Bc4 Nd4 26. Qd1 Nxb5 27. Ng4 Bg7 28. Bxb5
Rxb5 29. Bb4 h5 30. Ne3 Bh6 31. Rc4 Bxe3 32. fxe3 Nb3 33. Qd3 Rbb8 34. Rxc8+
Rxc8 35. Rf1 Nc5 36. Qc4 Qg4 37. Qxg4 hxg4 38. Rc1 Kf8 39. Rc4 f5 40. Bxc5 Rxc5
41. Rxa4 Rxd5 42. Ra7 Rd2 43. Kf1 g5 44. a4 f4 45. a5 fxe3 46. a6 Rf2+ 47. Ke1
Ra2 48. Ra8+ Kg7 49. a7 d5 50. Rd8 Rxa7 51. Rxd5 Kf6 52. Rd3 Ra1+ 53. Ke2 Ra2+
54. Kf1 Ra1+ 55. Ke2 Rg1 56. g3 Rg2+ 57. Kxe3 Rxh2 58. Rd6+ Kf5 59. Rd8 Rg2 60.
Rf8+ Ke6 61. Re8+ Kf6 62. Rf8+ Kg7 63. Rf5 Rxg3+ 64. Ke4 Kg6 65. Rxe5 Ra3 66.
Re8 g3 0-1